[Event "WJCC U20 Girls 2019"]
[Site "New Delhi"]
[Date "2019.10.16"]
[Round "2.7"]
[White "Pychova, Nela"]
[Black "Dordzhieva, Dinara"]
[Result "0-1"]
[WhiteElo "2178"]
[BlackElo "2335"]
[Annotator "TA"]
[PlyCount "114"]
[EventDate "2019.10.15"]
[EventType "swiss"]
[EventCountry "IND"]
[SourceTitle "playchess.com"]
[Source "ChessBase"]
[SourceQuality "1"]

{[%evp 9,114,-2,-3,-66,-14,-18,-12,-22,-14,-28,-22,-37,-39,-40,-46,-60,-56,-131,-133,-129,-97,-97,-74,-110,-100,-130,-137,-141,-130,-260,-266,-272,-109,-105,-99,-106,-98,-95,-104,-110,-99,-86,-89,-98,-91,-109,0,-62,-61,-124,-64,-122,-122,-165,-169,-169,-160,-178,-156,-162,-147,-291,-188,-185,-182,-245,-227,-227,-216,-278,-277,-258,-256,-266,-175,-187,-163,-233,-217,-213,-236,-212,-206,-236,-265,-260,-226,-212,-208,-363,-354,-547,-544,-527,-608,-567,-605,-568,-430,-1083,-995,-1197,-1197,-1192,-1128,-1267,-1076]} 1. e4 c5 2. Nc3 e6 3. d4 (3. Nf3 a6 4. d4 cxd4 5. Nxd4 Qc7 6. g3 Bb4 7. Bd2 Nf6 8. Bg2 O-O 9. O-O Bc5 10. Nb3 Be7 11. f4 d6 12. g4 b5 13. g5 Nfd7 14. a3 Bb7 15. Be3 Nc6 16. Qh5 {1-0 (43) Guseinov,G (2664)-Caruana,F (2828) chess.com INT 2019}) 3... cxd4 4. Qxd4 Nc6 5. Qd2 Nf6 6. g3 {B23: Closed Sicilian: Lines without g3} (6. Bd3 $11) 6... a6 (6... d5 $15 7. exd5 exd5) 7. Bg2 $11 Qc7 8. Nge2 {The position is equal.} b5 $146 ({Predecessor:} 8... d6 9. O-O Be7 10. b3 O-O {0-1 (59) Czupor,A (1939)-Ruck,R (2055) Balatonlelle 2013}) 9. O-O Bb7 10. a3 Be7 11. h3 O-O 12. Qd1 Rfd8 13. f4 {[#]} ({White should play} 13. Nf4 $15) 13... d5 $1 $17 {[%mdl 512]} 14. e5 (14. exd5 Bc5+) 14... Bc5+ 15. Kh2 Nd7 16. Qe1 Rac8 17. g4 b4 18. Na4 Be7 19. Be3 (19. Qf2 $17) 19... bxa3 $19 20. bxa3 {[#]} Na5 (20... d4 $1 $19 {[%cal Rd4e3][%mdl 512] has better winning chances.} 21. Bd2 (21. Nxd4 Nxd4) 21... Ndxe5 $1 {[%mdl 512]}) 21. Nb6 $17 Nxb6 22. Qxa5 Nc4 {[%mdl 64] Discovered Attack} 23. Qxc7 Rxc7 24. Bd4 Rdc8 25. c3 Nxa3 26. Ra2 Nb5 27. Rb1 Na3 (27... Rc6 $17 28. f5 R8c7) 28. Rb3 (28. Rf1 $11) 28... Nc4 $15 29. Kg3 (29. f5 $15) 29... Ra8 (29... a5 $17 30. f5 Bc6) 30. Nc1 ({White should try} 30. h4 $15) 30... a5 {[%cal Ba6a5,Ba5a4][%mdl 32]} 31. Bf1 a4 $36 {[%mdl 2048] Black is really pushing.} 32. Rb1 Bc6 33. Nd3 Bd7 34. Be2 g5 35. Bd1 (35. fxg5 $17 Bxg5 36. Nf4) 35... gxf4+ 36. Kxf4 a3 37. Nb4 (37. g5 {is a better defense.}) 37... h6 38. Kg3 Bg5 {White must now prevent ...Nd2.} 39. Rba1 Be3 $1 40. Be2 Bxd4 41. cxd4 Rb7 42. Nd3 Rb3 {Strongly threatening ...Nb2.} 43. Kf2 (43. Kf4 $142 Bc6 44. h4) 43... Bc6 $19 44. h4 Kg7 45. Nf4 Rc3 46. Nh5+ Kf8 47. Nf6 Rb3 48. g5 hxg5 49. h5 $2 {[#]} (49. Nh7+ Ke7 50. h5) 49... Kg7 $1 50. Rh1 (50. Ng4 {was called for.}) 50... Rb2 {Black is clearly winning.} 51. h6+ {[#]} Kh8 $1 52. Rxb2 axb2 53. Bd3 Nd2 {Hoping for ...Bb5!} 54. Rd1 (54. Ke3 $142 Ne4 55. Rb1) 54... Ne4+ 55. Bxe4 dxe4 56. Rb1 Rb8 57. Ke3 Bd5 {Accuracy: White = 34%, Black = 67%.} 0-1

[Event "WJCC U20 Girls 2019"]
[Site "New Delhi"]
[Date "2019.10.16"]
[Round "2.7"]
[White "Pychova, Nela"]
[Black "Dordzhieva, Dinara"]
[Result "*"]
[WhiteElo "2178"]
[BlackElo "2335"]
[Annotator "TA"]
[PlyCount "20"]
[EventDate "2019.10.15"]
[EventType "swiss"]
[EventCountry "IND"]
[SourceTitle "playchess.com"]
[Source "ChessBase"]
[SourceQuality "1"]

{[%evp 9,10,-16,-21]} 1. e4 c5 2. Nc3 e6 3. d4 (3. Nf3 a6 4. d4 cxd4 5. Nxd4 Qc7 6. g3 Bb4 7. Bd2 Nf6 8. Bg2 O-O 9. O-O Bc5 10. Nb3 Be7 11. f4 d6 12. g4 b5 13. g5 Nfd7 14. a3 Bb7 15. Be3 Nc6 16. Qh5 {1-0 (43) Guseinov,G (2664)-Caruana,F (2828) chess.com INT 2019}) 3... cxd4 4. Qxd4 Nc6 5. Qd2 Nf6 {Predecessor:} 6. b3 $146 Bb4 7. Bd3 O-O 8. a3 Ba5 9. b4 Bb6 10. Nf3 d5 {1-0 (24) Calvi,S (2050)-Ullmann,R (1910) Frankfurt 2018} *

[Event "WJCC U20 Girls 2019"]
[Site "New Delhi"]
[Date "2019.10.16"]
[Round "2.8"]
[White "Munkhzul, Turmunkh"]
[Black "Avetisyan, Mariam"]
[Result "0-1"]
[WhiteElo "2332"]
[BlackElo "2110"]
[Annotator "NA"]
[PlyCount "45"]
[EventDate "2019.10.15"]
[EventType "swiss"]
[EventCountry "IND"]
[SourceTitle "playchess.com"]
[Source "ChessBase"]
[SourceQuality "1"]
[TimeControl "40/5400+30:1800+30"]

1. e4 {[%emt 0:00:00]} c6 {[%emt 0:00:00]} 2. d4 {[%emt 0:00:00]} d5 {[%emt 0:00:00]} 3. Nc3 {[%emt 0:00:16]} dxe4 {[%emt 0:00:14]} 4. Nxe4 {[%emt 0:00:13]} Bf5 {[%emt 0:00:00]} 5. Ng3 {[%emt 0:00:10]} Bg6 {[%emt 0:00:00]} 6. h4 {[%emt 0:00:35]} h6 {[%emt 0:00:03]} 7. Nf3 {[%emt 0:00:32]} e6 {[%emt 0:00:08]} 8. Ne5 {[%emt 0:00:42]} Bh7 {[%emt 0:00:10]} 9. Bd3 {[%emt 0:00:16]} Bxd3 $11 {[%emt 0:00:05]} 10. Qxd3 {[%emt 0:00:07]} Nd7 {[%emt 0:00:05]} 11. Bf4 {[%emt 0:00:30]} Ngf6 {[%emt 0:06:39]} 12. O-O-O {[%emt 0:02:09]} Bd6 {[%emt 0:08:33]} 13. Kb1 {[%emt 0:06:07]} Qc7 {[%emt 0:13:56]} 14. Ne4 {[%emt 0:05:22]} Nxe4 {[%emt 0:03:23]} 15. Qxe4 {[%emt 0:03:41]} Nf6 {[%emt 0:02:20]} 16. Qf3 {[%emt 0:01:02]} O-O-O {[%emt 0:01:38]} 17. Rhe1 {[%emt 0:01:43]} Rhf8 {[%emt 0:12:06]} 18. Bxh6 {[%emt 0:03:24]} Ne8 {[%emt 0:30:14]} 19. Bc1 {[%emt 0:03:19]} Kb8 {[%emt 0:06:12]} 20. g4 {[%emt 0:02:00]} Ka8 {[%emt 0:08:04]} 21. h5 {[%emt 0:02:51]} Be7 {[%emt 0:01:39]} 22. Bf4 {[%emt 0:01:17]} Nd6 {[%emt 0:01:04]} 23. Be3 {[%emt 0:04:38]} 0-1

[Event "WJCC U20 Girls 2019"]
[Site "New Delhi"]
[Date "2019.10.16"]
[Round "2.9"]
[White "Sapale Saloni"]
[Black "Antova, Gabriela"]
[Result "1/2-1/2"]
[WhiteElo "2142"]
[BlackElo "2318"]
[Annotator "TA"]
[PlyCount "94"]
[EventDate "2019.10.15"]
[EventType "swiss"]
[EventCountry "IND"]
[SourceTitle "playchess.com"]
[Source "ChessBase"]
[SourceQuality "1"]

{[%evp 21,94,0,0,0,0,0,0,0,0,0,0,-51,0,0,0,-162,-170,-168,-156,-157,-156,-143,145,130,933,129,122,116,127,122,140,112,116,38,94,31,44,34,52,9,10,9,19,-7,-6,-5,0,-8,-8,-37,-36,-50,-48,-52,-34,-212,-88,-88,-90,-88,-93,-71,-62,-93,-48,-48,-50,-90,-62,-96,-91,-90,-8,-8,-7]} 1. e4 c5 2. Nf3 d6 3. d4 cxd4 4. Nxd4 Nf6 5. Nc3 a6 6. Be3 e6 7. g4 e5 8. Nf5 g6 9. g5 gxf5 10. exf5 d5 11. Qf3 d4 {[%mdl 64] Double Attack} 12. O-O-O $1 {B81: Sicilian Scheveningen: Keres Attack} Nbd7 (12... Nfd7 13. Bxd4 $1 {[%mdl 512]} exd4 14. Re1+ Be7 15. Nd5) 13. Bxd4 exd4 14. Rxd4 Bc5 (14... Bg7 15. Rg1 Kf8 16. Bc4 Qe7 17. gxf6 Qxf6 18. Qd5 Rg8 19. Kb1 Qe7 {0-1 (34) Van Foreest,L (2467)-Van Wely,L (2661) Netherlands 2018}) 15. Rd2 Qc7 $1 {[%cal Rc7c6]} 16. Bc4 $146 (16. gxf6 $11 Nxf6 17. Nd5 Nxd5 18. Rxd5) ({Predecessor:} 16. gxf6 Nxf6 17. Bc4 {½-½ (32) Robertshaw,A (1921)-Price,D (2091) ICCF email 2015}) 16... Be7 (16... Ne5 $15 17. Qe2 Bxf5 18. gxf6 Bg4) 17. gxf6 $11 Nxf6 18. Re1 $2 (18. Nd5 $1 $11 {and White has nothing to worry.} Nxd5 19. Bxd5) 18... Qxc4 $19 19. Rde2 O-O $1 (19... Ng8 20. Nd5 $16) 20. Rxe7 Qh4 21. Kb1 {Black should prevent Nd5.} Bd7 $2 {[%mdl 8192]} (21... Qxh2 22. Ne4 $11) (21... Kh8 $17 22. a3 Qg5) 22. Ne4 $1 $16 Rfd8 $2 {[%mdl 8192] [#]} (22... Rad8 $16) 23. Qg3+ $2 (23. Rg1+ $1 $18 Kh8 24. Ng5 {[%mdl 64] Discovered Attack} (24. Qg2 Rg8 $17)) 23... Qxg3 24. Nxf6+ Kf8 25. fxg3 Bxf5 26. R7e2 ({But not} 26. Rxb7 $6 Rac8 $11) 26... Rac8 27. g4 (27. Rf2 $16 Bg6 28. b3) 27... Bg6 (27... Rd6 $14) 28. Ne4 (28. Kc1 $16) 28... Rd4 29. h3 Re8 {[%cal Rd4e4]} 30. Nc3 (30. Nf2 {keeps more tension.} Rxe2 31. Rxe2 Rf4 32. Kc1 Rf3 33. Kd2) 30... Rxe2 31. Rxe2 $11 {[%mdl 4096] Endgame KRB-KRN} Rf4 {( -> ...Rf1+)} 32. a3 (32. Kc1 {feels hotter.} h5 33. gxh5 Bxh5 34. Re5 Bg6 35. Nd1) 32... Rf1+ 33. Ka2 Rh1 34. Re3 Bxc2 35. b4 (35. a4 {is more complex.} Kg7 36. Ka3 f5 37. gxf5 Kf6 38. Rf3) 35... Rh2 36. Re2 Rxe2 37. Nxe2 $15 {KB-KN} Ke7 38. g5 $2 ({White should play} 38. Kb2 $1 $15 Bg6 39. Kc3) 38... Kd6 (38... Bg6 $19 39. h4 Ke6 40. Nd4+ Ke5) 39. Kb2 $17 Bf5 40. h4 Ke5 41. Kc3 Bg4 42. Nc1 Kf4 {Hoping for ...Kg3.} 43. Kd4 Kg3 44. Ke5 Kxh4 45. Kf6 Be6 {And now ...Bc4 would win.} 46. Nd3 {[#]} Kg4 ({Black should try} 46... b6 $1 $17) 47. a4 $11 b6 {Accuracy: White = 28%, Black = 32%.} 1/2-1/2

[Event "WJCC U20 Girls 2019"]
[Site "New Delhi"]
[Date "2019.10.16"]
[Round "2.10"]
[White "Rakshitta Ravi"]
[Black "Afraoui, Anaelle"]
[Result "1-0"]
[WhiteElo "2310"]
[BlackElo "2106"]
[Annotator "TA"]
[PlyCount "77"]
[EventDate "2019.10.15"]
[EventType "swiss"]
[EventCountry "IND"]
[SourceTitle "playchess.com"]
[Source "ChessBase"]
[SourceQuality "1"]

{[%evp 22,77,27,17,35,38,64,49,55,56,56,40,83,89,61,81,90,81,80,72,92,104,135,135,117,109,110,113,322,329,318,230,231,229,252,239,241,203,193,193,213,131,255,184,182,108,154,134,216,214,205,211,862,849,1798,1723,1431,1276]} 1. e4 c5 2. Nf3 d6 3. Nc3 Nc6 4. d4 cxd4 5. Nxd4 Nf6 6. Be2 e5 7. Nf3 h6 8. O-O Be7 9. Re1 O-O 10. h3 Be6 11. Bf1 Rc8 12. Nd5 Bxd5 {B58: Classical Sicilian: 6 Be2} (12... Na5 13. Nxe7+ Qxe7 14. b3 Rfd8 15. c4 Qc7 16. Bd2 Nc6 17. Rc1 a5 18. Rc3 Ra8 19. Qb1 Nd7 20. Nh2 Nf6 21. Nf3 Qe7 22. Be3 Nd7 23. Rcc1 Qf6 24. Nd2 {½-½ (24) Luther,T (2524)-Petr,M (2448) Germany 2018}) 13. exd5 Nb4 14. c4 a5 {White is slightly better.} 15. a3 Na6 16. Rb1 Nh7 17. b4 axb4 18. axb4 Ng5 19. Nxg5 $146 ({Predecessor:} 19. Nh2 f5 20. f4 exf4 21. Bxf4 Ne4 {½-½ (32) Brod,M (2198)-Plachetka,J (2398) Austria 2007}) 19... Bxg5 20. Ba3 Qd7 21. c5 Nc7 {[#]} 22. c6 $1 {[%cal Rc6d7][%mdl 512]} bxc6 23. dxc6 Qxc6 24. b5 Qc3 $2 (24... Qb7 $16) 25. Bb4 $18 ({Don't play} 25. Bxd6 Rfd8 $18) 25... Qd4 26. Bxd6 Rfd8 27. Bxe5 Qb6 28. Qg4 Ne6 29. h4 Bd2 30. Red1 Qc5 31. Ba1 h5 (31... Ba5 $16 {was called for.} 32. Rxd8+ Rxd8) 32. Qe4 {Strongly threatening b6.} Ba5 33. Qe5 (33. Bd3 $18) 33... Qxe5 34. Bxe5 {Threatens to win with Rxd8+.} Rxd1 (34... Bb6 $16 35. Rxd8+ Rxd8) 35. Rxd1 Rc5 36. Ra1 Bb6 $2 (36... Bd8) 37. Ra8+ {White is clearly winning.} Bd8 38. b6 {[%cal Bb5b6,Bb6b7][%mdl 32]} Rxe5 39. b7 {Accuracy: White = 78%, Black = 37%.} 1-0

[Event "WJCC U20 Girls 2019"]
[Site "New Delhi"]
[Date "2019.10.16"]
[Round "2.11"]
[White "Li, Yunshan"]
[Black "Katkov, Michelle"]
[Result "0-1"]
[WhiteElo "2289"]
[BlackElo "2106"]
[Annotator "TA"]
[PlyCount "104"]
[EventDate "2019.10.15"]
[EventType "swiss"]
[EventCountry "IND"]
[SourceTitle "playchess.com"]
[Source "ChessBase"]
[SourceQuality "1"]

{[%evp 9,159,4,21,13,31,18,31,7,25,19,14,18,25,-8,19,17,17,12,8,8,14,10,21,21,39,6,46,19,43,0,0,-22,-21,-10,0,0,0,-45,0,4,58,6,4,12,14,0,15,0,0,0,0,0,0,-17,-14,-102,-45,-186,-127,-87,-79,-207,-211,-378,-376,-494,-487,-1166,-1166,-1160,-1170,-1149,-1139,-1090,-422,-421,-420,-414,-408,-407,-392,-400,-406,-367,-377,-521,-520,-497,-327,-551,-549,-531,-519,-679,-677,-666,-654,-675,-669,-724,-706,-1433,-1437,-5816,-5758,-11212,-10130,-7704,-6625,-5073,-1947,-2177,-2091,-1847,-1759,-1281,0,-693,-1253,-1179,-945,-906,-828,-1245,-1194,-694,-1088,-793,-1134,-1664,-1489,-1170,-97,-97,0,-1180,-899,-29965,-29966,-11173,-12002,-12847,-12771,-12193,-7638,-29981,-29982,-29982,-29983,-29983,-29984,-29988]} 1. d4 Nf6 2. c4 e6 3. Nc3 Bb4 4. Nf3 O-O 5. e3 Nc6 6. Qc2 {E50: Nimzo-Indian: Rubinstein: 4...0-0 5 Nf3} (6. Bd2 d6 7. a3 Bxc3 8. Bxc3 Qe7 9. b4 e5 10. Be2 Bg4 11. O-O e4 12. Nd2 Bxe2 13. Qxe2 Rfe8 {0-1 (59) Riazantsev,A (2671)-Bologan,V (2640) Tallinn 2016}) 6... d6 7. Bd2 e5 8. d5 {White is slightly better.} Nb8 9. a3 Bxc3 10. Bxc3 a5 11. e4 Qe7 12. g3 Bd7 $146 ({Predecessor:} 12... a4 13. Bg2 Nh5 14. O-O f5 15. exf5 Bxf5 16. Qd2 Na6 17. Nh4 Bg4 {0-1 (77) Olay,E (2353)-Bersamina,P (2206) Tagaytay City 2013}) 13. Bg2 a4 14. Nd2 Na6 15. O-O Nc5 16. Rae1 Ng4 17. f4 f6 18. Nf3 Rac8 19. Nh4 (19. Qe2 {is interesting.} Nh6 20. Nd2 c6 21. Rf2 Qe8 22. Bf1) 19... Nh6 20. Nf5 Nxf5 21. exf5 Rce8 22. g4 Qd8 23. g5 Qc8 24. fxe5 dxe5 (24... fxe5 $11 25. f6 Bh3) 25. gxf6 (25. Qe2 $14) 25... gxf6 $11 26. Bb4 b6 27. Qf2 Kh8 28. Bxc5 bxc5 29. Be4 Rg8+ 30. Kh1 Rg5 $1 31. Re3 Reg8 32. Rf3 (32. Ree1 $11) 32... Qf8 $17 33. b3 (33. Rg3 $15) 33... Rg4 ({Black should try} 33... Qg7 $19 {Threatens to win with ...Rg2.} 34. Re1 Rg2) 34. Re1 Qh6 {Strongly threatening ...Qg5.} 35. Qe3 {[#]} (35. bxa4 $17 Bxa4 36. Qe3 Qxe3 37. Rfxe3) 35... Qg7 $1 $19 {Hoping for ...Rxe4!} 36. Rff1 $2 (36. Rg3 Rxg3 37. hxg3) 36... axb3 37. Bf3 {[#]} Rg2 $1 {[%mdl 512] ( -> ...Rxh2+!)} 38. Re2 (38. Be4 $142 b2 39. Qh3) (38. Bxg2 Qxg2#) 38... Rxe2 39. Qxe2 Bxf5 40. d6 cxd6 41. Bd5 Rb8 (41... Qg6 $142 {White must now prevent ...Bd3!} 42. Re1 Rb8) 42. Rxf5 b2 43. Be4 b1=Q+ 44. Bxb1 Rxb1+ {[%mdl 4096] Endgame KQR-KQR} 45. Rf1 Qb7+ 46. Kg1 Rb2 47. Qf3 Qxf3 48. Rxf3 {KR-KR} Kg7 49. Rd3 $2 (49. Rf2 Rb3 50. Ra2) 49... Rc2 50. Rxd6 Rxc4 51. Ra6 Rc2 52. a4 e4 {Played: Rc2-a2} 0-1

[Event "WJCC U20 Girls 2019"]
[Site "New Delhi"]
[Date "2019.10.16"]
[Round "2.12"]
[White "Harshita Guddanti"]
[Black "Solozhenkina, Elizaveta"]
[Result "1/2-1/2"]
[WhiteElo "2123"]
[BlackElo "2283"]
[Annotator "NA"]
[PlyCount "89"]
[EventDate "2019.10.15"]
[EventType "swiss"]
[EventCountry "IND"]
[SourceTitle "playchess.com"]
[Source "ChessBase"]
[SourceQuality "1"]
[TimeControl "40/5400+30:1800+30"]

1. e4 {[%emt 0:00:00]} c6 {[%emt 0:00:00]} 2. d4 {[%emt 0:00:00]} d5 {[%emt 0:00:00]} 3. Nc3 {[%emt 0:00:05]} dxe4 {[%emt 0:00:00]} 4. Nxe4 {[%emt 0:00:05]} Bf5 {[%emt 0:00:15]} 5. Ng3 {[%emt 0:00:09]} Bg6 {[%emt 0:00:06]} 6. h4 {[%emt 0:00:14]} h6 {[%emt 0:00:18]} 7. Nf3 {[%emt 0:01:18]} e6 {[%emt 0:00:56]} 8. Ne5 {[%emt 0:00:41]} Bh7 {[%emt 0:00:23]} 9. Bd3 {[%emt 0:05:16]} Bxd3 {[%emt 0:00:11]} 10. Qxd3 {[%emt 0:00:16]} Nd7 {[%emt 0:00:17] B19: Classical Caro-Kann: 4...Bf5 main line} 11. Bf4 {[%emt 0:01:01]} (11. f4 Be7 12. Nh5 Ngf6 13. Nxg7+ Kf8 14. Nxe6+ fxe6 15. Bd2 Rh7 16. Rh3 c5 17. O-O-O cxd4 18. Rg3 {½-½ (27) Inarkiev,E (2682)-Tomashevsky,E (2706) Izhevsk 2019}) 11... Nxe5 {[%emt 0:19:23]} 12. Bxe5 {[%emt 0:02:13]} Qa5+ {[%emt 0:01:06]} 13. c3 {[%emt 0:01:55]} Nf6 {[%emt 0:07:42]} 14. O-O {[%emt 0:02:30]} Rd8 {[%emt 0:09:49]} 15. Qe2 {[%emt 0:10:22]} Be7 {[%emt 0:05:22]} 16. Ne4 $146 {[%emt 0:15:04]} ({Predecessor:} 16. Nh5 Nxh5 17. Qxh5 Bf6 18. Rfe1 {0-1 (36) Chahrour,I (2269)-Nezad,H (2404) Muscat 2015}) 16... Qd5 {[%emt 0:06:22]} 17. Rfe1 {[%emt 0:12:06]} Qxe4 {[%emt 0:12:14]} 18. Qxe4 {[%emt 0:00:09]} Nxe4 {[%emt 0:00:05]} 19. Rxe4 {[%emt 0:00:06]} O-O {[%emt 0:00:57]} 20. h5 {[%emt 0:02:29]} Rd5 {[%emt 0:02:16]} 21. Rae1 {[%emt 0:06:54]} Rfd8 {[%emt 0:09:54]} 22. b4 {[%emt 0:05:30]} Bf6 $11 {[%emt 0:04:43]} 23. a4 {[%emt 0:06:41]} b6 {[%emt 0:08:02]} 24. g4 {[%emt 0:03:17]} Kf8 {[%emt 0:02:14]} 25. Kg2 {[%emt 0:02:36]} Ra8 {[%emt 0:03:23]} 26. R4e2 {[%emt 0:06:09]} Be7 {[%emt 0:02:25]} 27. Rb1 {[%emt 0:02:11]} Rc8 {[%emt 0:01:26]} 28. Kf3 {[%emt 0:03:54]} Bf6 {[%emt 0:00:49]} 29. c4 {[%emt 0:09:19]} Rd7 {[%emt 0:00:12]} 30. Bxf6 {[%emt 0:00:14]} gxf6 {[%emt 0:00:02]} 31. Re4 {[%emt 0:00:10]} c5 {[%emt 0:03:15]} 32. bxc5 {[%emt 0:01:33]} bxc5 {[%emt 0:00:01]} 33. Ke3 {[%emt 0:01:05]} Rc6 {[%emt 0:01:39]} 34. Rb8+ {[%emt 0:00:37]} Kg7 {[%emt 0:00:02]} 35. Rb5 {[%emt 0:00:41]} cxd4+ {[%emt 0:00:42]} 36. Rxd4 {[%emt 0:00:04]} Rdc7 {[%emt 0:00:03]} 37. Kd3 {[%emt 0:00:26]} e5 {[%emt 0:01:03]} 38. Re4 {[%emt 0:00:46]} Rd6+ {[%emt 0:00:30]} 39. Rd5 {[%emt 0:00:30]} Rxd5+ {[%emt 0:00:34]} 40. cxd5 {[%emt 0:00:06]} Rc5 {[%emt 0:00:01]} 41. Rc4 {[%emt 0:08:25]} Rxd5+ {[%emt 0:00:27]} 42. Ke3 {[%emt 0:04:49]} Rd1 {[%emt 0:15:27]} 43. f3 {[%emt 0:02:46]} Rd6 {[%emt 0:05:00]} 44. f4 {[%emt 0:02:43]} exf4+ {[%emt 0:05:03]} 45. Ke4 1/2-1/2

[Event "WJCC U20 Girls 2019"]
[Site "New Delhi"]
[Date "2019.10.16"]
[Round "2.13"]
[White "Blazeka, Mihaela"]
[Black "Yakubbaeva, Nilufar"]
[Result "1/2-1/2"]
[WhiteElo "2109"]
[BlackElo "2281"]
[Annotator "TA"]
[PlyCount "98"]
[EventDate "2019.10.15"]
[EventType "swiss"]
[EventCountry "IND"]
[SourceTitle "playchess.com"]
[Source "ChessBase"]
[SourceQuality "1"]

{[%evp 11,98,9,0,-5,2,-13,0,-37,-43,-37,-29,-65,-41,-52,-39,-40,-26,-38,-30,-25,-24,-41,0,-47,-37,-35,-34,-47,-30,-48,-41,-49,0,0,8,7,0,-27,-21,-83,-85,-81,-77,-91,-72,-76,-41,-74,-19,-19,-25,-35,-19,-15,0,0,0,0,5,10,11,3,10,20,4,10,52,35,120,110,110,115,108,108,96,102,229,183,256,144,129,139,677,201,29988,-202,665,653,659]} 1. e4 c5 2. Nf3 d6 3. d4 cxd4 4. Nxd4 Nf6 5. f3 e5 6. Nb3 Be6 7. Bg5 {B55: Sicilian: 2...d6 3 d4 cxd4 4 Nxd4 Nf6 5 f3} (7. c4 Nbd7 8. Be3 b5 9. Na3 a6 10. cxb5 d5 11. bxa6 dxe4 12. Bb5 Nd5 13. Bc5 Nf4 14. O-O Bxb3 15. Qxd7+ Qxd7 16. Bxf8 Rxf8 17. axb3 Rxa6 18. Bxd7+ Kxd7 {½-½ (27) Vitiugov,N (2721)-Duda,J (2710) Czech Republic 2018}) 7... Nbd7 8. Nc3 Be7 9. Bb5 $146 {The position is equal.} ({Predecessor:} 9. Qd2 O-O 10. g4 a5 11. Bb5 Nb6 12. Qd3 d5 13. Bxf6 Bxf6 14. O-O-O d4 {0-1 (27) Kalies,G (2063)-Schut,L (2296) Germany 2014}) 9... O-O 10. O-O a6 11. Be2 Rc8 12. Qd2 {[#]} d5 $1 {[%mdl 512]} 13. exd5 (13. Nxd5 Nxd5) 13... Nxd5 14. Bxe7 Qb6+ 15. Kh1 Nxe7 16. Bd3 Ng6 17. g3 Rfd8 18. Qf2 Qc7 19. Rad1 f5 20. Rfe1 Nf6 21. Bf1 b5 22. Nc5 Qb6 {[#] ...Rxd1 is the strong threat.} 23. Rxd8+ Rxd8 24. N5e4 Qc6 25. Nc5 (25. Nxf6+ $11 gxf6 26. a3) 25... Ng4 $17 26. Qg2 Qxc5 27. fxg4 fxg4 28. Bd3 b4 29. Ne4 Qc8 (29... Qd4 $17 30. Ng5 Bd5) 30. Qe2 $11 a5 (30... Bxa2 $2 31. b3 $18) 31. Nf2 Rf8 ({Don't play} 31... Bxa2 $6 32. b3 $16) 32. Kg1 Qc5 33. Qe3 Qc6 34. Be4 Qc8 35. Qb6 Bf5 36. Qxa5 Bxe4 37. Nxe4 Qc4 38. Qb6 Ne7 39. b3 $36 {[%mdl 2048] Black is under pressure.} Qd5 ({Black should try} 39... Qd4+ $14 40. Qxd4 exd4) 40. Qxb4 $16 Nc6 41. Qc5 Qxc5+ 42. Nxc5 {[%mdl 4096] Endgame KRN-KRN} Nd4 43. Kg2 Nf3 (43... Nxc2 $16 44. Re2 (44. Rxe5 Rf3 $11) 44... Nb4) 44. Re2 Rd8 (44... Nd4 {was worth a try.} 45. Rf2 (45. Rxe5 Nxc2 46. h3 Ra8 $16) 45... Rc8) 45. Nd3 (45. a4 $18) 45... Nd4 46. Rxe5 Nxb3 $2 {[%mdl 8192]} (46... Nxc2 $16 47. Nf2 Rd2) 47. cxb3 $2 (47. axb3 Kf7 48. b4) 47... Rd5 $2 (47... Rxd3 $18 48. Kf2 Kf7) 48. Nf4 $4 {[%mdl 8192]} (48. Rxd5 {mates} h5 49. a4 Kh7 50. a5 Kg8 51. a6 h4 52. a7 h3+ 53. Kf2) 48... Rd1 $4 {[%mdl 8192]} (48... Rxe5 $19 49. Kf2 Rc5) 49. h3 $18 gxh3+ {[%mdl 32768] Accuracy: White = 55%, Black = 26%. . An unexpected result.} 1/2-1/2

[Event "WJCC U20 Girls 2019"]
[Site "New Delhi"]
[Date "2019.10.16"]
[Round "2.14"]
[White "Altantuya, Boldbaatar"]
[Black "Kairbekova, Amina"]
[Result "1-0"]
[WhiteElo "2277"]
[BlackElo "2096"]
[Annotator "TA"]
[PlyCount "75"]
[EventDate "2019.10.15"]
[EventType "swiss"]
[EventCountry "IND"]
[SourceTitle "playchess.com"]
[Source "ChessBase"]
[SourceQuality "1"]

{[%evp 17,81,-5,-3,-46,6,-46,43,46,51,47,195,197,162,139,154,155,191,172,201,156,187,168,259,262,295,276,284,285,268,282,292,291,306,312,305,276,269,270,396,362,402,400,378,383,369,340,453,436,431,397,516,363,567,548,561,593,892,883,29983,29984,29984,29985,29985,29986,29984,29985]} 1. d4 Nf6 2. Nf3 d5 3. c4 e6 4. g3 Be7 5. Bg2 O-O 6. O-O c6 7. Nc3 Nbd7 8. b3 b6 9. Bf4 Ba6 10. Nd2 {E15: Queen's Indian: 4 g3 sidelines, 4 g3 Ba6 and 4 g3 Bb7 early deviations} b5 $146 (10... Nh5 $15) ({Predecessor:} 10... Nh5 11. Be3 Rc8 12. a4 f5 13. cxd5 exd5 14. Nf3 f4 15. Bd2 Bd6 16. Re1 Re8 17. e4 fxe3 18. Bxe3 {½-½ (57) Li,C (2751)-Wojtaszek,R (2727) Huaian 2016}) 11. Re1 (11. c5 $11) 11... Qb6 (11... Nh5 $15) 12. c5 $14 {White is slightly better.} Qa5 13. Qc2 e5 (13... b4 $14 14. Na4 Bb5) 14. dxe5 $18 (14. Bxe5 Nxe5 15. dxe5 Ng4 $11) 14... Ng4 15. h3 $36 {[%mdl 2048] White is on the roll.} (15. Qf5 Ngxe5 16. Nf3 (16. Bxe5 Nxe5 17. Rec1 Bf6 $17) 16... g6 $15) 15... Ngxe5 {[#]} 16. a3 $1 Ng6 17. b4 Qd8 18. Be3 Bf6 {[#]} 19. Nb3 $1 Nde5 (19... Be5 $142 20. Bd4 f5) 20. Bd4 Nc4 21. e4 dxe4 22. Bxf6 ({Less strong is} 22. Rxe4 Bb7 $16) ({Don't play} 22. Qxe4 $6 Rc8 $16) 22... Qxf6 23. Nxe4 Qd8 24. Nd6 Qc7 25. Nxc4 bxc4 26. Nd4 Ne5 {[#]} 27. b5 $1 {[%mdl 512]} Rad8 (27... Bb7 $142 28. Nf5 f6) (27... Bxb5 28. Nxb5) 28. Nxc6 Nxc6 29. Bxc6 ({Weaker is} 29. bxa6 Ne5 $16) 29... Bc8 30. Qxc4 Bxh3 31. Bf3 Rd2 32. Rad1 Be6 33. Qb4 Ra2 34. Bd5 Bxd5 (34... Rc2 $142 35. c6 Qb6) 35. Rxd5 Rc2 36. b6 Qc6 37. b7 Rb8 {[#]} 38. Qe4 {Played: Rd5-d8} 1-0